WOMAN IN LEADERSHIP OPPORTUNITIES AND CH (Record no. 6733)

MARC details
000 -LEADER
fixed length control field 00347nam a2200133Ia 4500
008 - FIXED-LENGTH DATA ELEMENTS--GENERAL INFORMATION
fixed length control field 240624s9999 xx 000 0 und d
041 ## - LANGUAGE CODE
Language code of text/sound track or separate title eng
082 ## - DEWEY DECIMAL CLASSIFICATION NUMBER
Classification number 658.4092 MRU
100 ## - MAIN ENTRY--PERSONAL NAME
Personal name MRUDULA E
245 ## - TITLE STATEMENT
Title WOMAN IN LEADERSHIP OPPORTUNITIES AND CH
260 ## - PUBLICATION, DISTRIBUTION, ETC.
Date of publication, distribution, etc. 2007
Place of publication, distribution, etc. Hyderabad
Name of publisher, distributor, etc. ICFAI press
300 ## - PHYSICAL DESCRIPTION
Extent x, : 189 : p. : cm. ; 23
365 ## - TRADE PRICE
Currency code RS
Price amount 50
Holdings
Withdrawn status Lost status Damaged status Not for loan Home library Current library Shelving location Date acquired Source of acquisition Cost, normal purchase price Total Holds Full call number Barcode Date last seen Copy number Price effective from Koha item type
        IMTN IMTN Rack 29-B 10/03/2007 ICFAI 400.00 2 658.4092 MRU 6733 06/24/2024 1 06/24/2024 Books
Designed & Maintained by: LRC IMT Nagpur Contact: lrc@imtnag.ac.in© 2024. All Rights Reserved.